Análisis de las organizaciones
Guardat en:
| Autor principal: | |
|---|---|
| Format: | Llibre |
| Idioma: | espanyol |
| Publicat: |
Ciudad de México
Limusa
1979
|
| Col·lecció: | Limusa de Administración
|
| Matèries: | |
| Etiquetes: |
Afegir etiqueta
Sense etiquetes, Sigues el primer a etiquetar aquest registre!
|
MARC
| LEADER | 00000nam a2200000 a 4500 | ||
|---|---|---|---|
| 001 | UCR9205 | ||
| 003 | CL-VaPUC | ||
| 008 | 980613e19790000MX |||||||||||||||||spa|d | ||
| 082 | 0 | 4 | |a 658.001 |b LIT |2 21 |
| 100 | |a Litterer, Joseph A. |e autor |9 412334 | ||
| 245 | 1 | 0 | |a Análisis de las organizaciones |
| 300 | |a 720 p | ||
| 942 | |c BK | ||
| 945 | |d 19980613 00:00:00 |a cmena | ||
| 260 | |a Ciudad de México |b Limusa |c 1979 | ||
| 650 | 0 | |a Administración de empresas |9 260833 | |
| 650 | 0 | |a Filosofía de las ciencias |9 256466 | |
| 650 | 0 | |a Ciencias administrativas |9 337994 | |
| 650 | 0 | |a Organizaciones |9 337993 | |
| 650 | 0 | |a Motivación |9 315362 | |
| 650 | 0 | |a Liderazgo |9 271835 | |
| 650 | 0 | |a Estructura organizacional |9 390800 | |
| 650 | 0 | |a Análisis de sistemas |9 260059 | |
| 583 | |a last modification |c 19980613 00:00:00 |k Rodrigo Vera | ||
| 490 | 0 | |a Limusa de Administración | |
| 999 | |c 270407 |d 270405 | ||
| 952 | |0 0 |1 0 |4 0 |6 658_001000000000000_LIT_1979 |7 0 |8 A |9 304691 |a BIBENE |b BIBENE |d 2019-11-20 |i 1410717 |o 658.001 LIT 1979 |p 1410717 |r 2025-01-15 |w 2019-11-20 |y BK |k ICO | ||